000
00213 a2200097 4500
001
6985
100
_a
Rahman, F
245
_a
Pakistan one and indivisible
260
_a
_b
Pak Ed publisher
_c
090
_c
5768
_d
5768
942
_a
NUST-CAE
_c
M
_c
32231
999
_c
242058
_d
242058